Napak tilas. (Record no. 68058)
[ view plain ]
| 000 -LEADER | |
|---|---|
| fixed length control field | 00544cam a22002171 4500 |
| 001 - CONTROL NUMBER | |
| control field | sa 66001904 |
| 003 - CONTROL NUMBER IDENTIFIER | |
| control field | DLC |
| 005 - DATE AND TIME OF LATEST TRANSACTION | |
| control field | 20260227112225.0 |
| 008 - FIXED-LENGTH DATA ELEMENTS--GENERAL INFORMATION | |
| fixed length control field | 940329s1963 io a 000 0 jav |
| 010 ## - LIBRARY OF CONGRESS CONTROL NUMBER | |
| LC control number | sa 66001904 |
| 035 ## - SYSTEM CONTROL NUMBER | |
| System control number | (OCoLC)30051501 |
| 040 ## - CATALOGING SOURCE | |
| Original cataloging agency | DLC |
| Transcribing agency | CU |
| Modifying agency | DLC |
| 042 ## - AUTHENTICATION CODE | |
| Authentication code | premarc |
| 050 00 - LIBRARY OF CONGRESS CALL NUMBER | |
| Classification number | PL5179.S7 |
| Item number | N3 |
| 100 0# - MAIN ENTRY--PERSONAL NAME | |
| Personal name | Sri Hadidjojo. |
| 245 10 - TITLE STATEMENT | |
| Title | Napak tilas. |
| Statement of responsibility, etc. | Gambar Jono S. Wijono. |
| 250 ## - EDITION STATEMENT | |
| Edition statement | Tjap-tjapan 1. |
| 260 ## - PUBLICATION, DISTRIBUTION, ETC. | |
| Place of publication, distribution, etc. | Sala, |
| Name of publisher, distributor, etc. | Nasional |
| Date of publication, distribution, etc. | [1963] |
| 300 ## - PHYSICAL DESCRIPTION | |
| Extent | 56 p. |
| Other physical details | illus. |
| Dimensions | 20 cm. |
| 500 ## - GENERAL NOTE | |
| General note | In Javanese. |
No items available.